Mots - Statistiques

Statistiques générales
  • Ce quiz a été pris 22 fois
  • Le résultat moyen est 3 sur 15
Statistiques - réponses
Définition Mot % Correct
Guerre éclair blitzkrieg
75%
Fonctionnaire religieux musulman attaché à une mosquée, chargé d'appeler, du haut du minaret, les fidèles à la prière muezzin
44%
Genre de film italien western-spaghetti
38%
Doctrine puritaine islamique wahhabisme
19%
Qui entoure le zénith circumzenithal
13%
Grand pèlerinage rituel à La Mecque que tout musulman doit effectuer au moins une fois dans sa vie hadjdj
13%
Amas de débris (essentiellement formés de coquillages) mésolithiques et néolithiques kjokkenmoddinger
13%
Syndrome de malnutrition infantile kwashiorkor
13%
Autre nom de la balsamine ne-me-touchez-pas
13%
Insuffisance de la sécrétion ou de l'action de la parathormone (PTH) pseudopseudohypoparathyroidie
13%
Vue métaphysique du monde, sous-jacente à une conception de la vie weltanschauung
13%
Rayonnement continu de freinage bremsstrahlung
6%
Parfois également appelé footballène, molécule buckminsterfullerene
6%
Femme de mœurs faciles marie-couche-toi-là
6%
Genre musical populaire en Inde et au Pakistan qui exprime une dévotion soufie qawwali
6%
Aucun quiz correspondant
Distribution des résultats
% des personnes avec chaque résultat
Percentile par nombre de réponses
Votre historique - résultats
Vous n’avez pas pris ce quiz